Olesa, la meva vila
Descripción Física:
102 p. : il. ; 22 cm
MARC
| LEADER | 00000nam a2200000Ia 4500 | ||
|---|---|---|---|
| 001 | 24286 | ||
| 008 | 160829s1995 xx 000 0 cat d | ||
| 080 | |a Bib-214 | ||
| 100 | |a Pujol, M. Cristina |9 50203 | ||
| 245 | |a Olesa, la meva vila | ||
| 260 | |a Olesa de Montserrat : |b Ajuntament d'Olesa de Montserrat, |c 1995 | ||
| 300 | |a 102 p. : |b il. ; |c 22 cm | ||
| 651 | 0 | |a Olesa de Montserrat (Catalunya) |x Descripcions i viatges |9 56108 | |
| 700 | |a Temporal, Bene |9 50205 | ||
| 700 | |a Cascante, Montse, il. |9 50206 | ||
| 901 | |a Arxiu | ||
| 942 | |n 1 | ||
| 952 | |0 0 |1 0 |4 0 |6 BIB214 |7 1 |9 55836 |a Arxiu |b Arxiu |d 2016-12-01 |l 0 |o Bib-214 |p 24286 |r 2016-12-01 00:00:00 |w 2016-12-01 |y ARXIU | ||
| 999 | |c 59709 |d 59709 | ||